Violencia escolar : nuevos escenarios de conflictos /

Los escenarios de violencia se han instalado en nuestros paisajes cotidianos. Este artículo pretende ser una reflexión comprometida acerca del significado contextual de la violencia, particularmente de la violencia escolar.\\Analizamos este complejo fenómeno sociocultural a partir de cuatro variable...

Full description

Bibliographic Details
Main Author: Zizzias, Elia Ana B de
Other Authors: Rosso, Eliana Z. de
Format: Analitica de revista
Language:Spanish

MARC

LEADER 00000cab a2200000 a 4500
001 026351
003 UAHC_CL
005 20180809115253.0
008 051214b xx j 000 1 spa
952 |0 0  |1 0  |2 ddc  |4 0  |6 BOL___INVEST__EDUC_19_04_000000000000000  |7 0  |8 COMP  |9 53137  |a BC  |b BC  |c General  |d 2017-08-03  |l 0  |o BOL. INVEST. EDUC.-19/04  |r 2018-01-17 00:00:00  |w 2017-08-03  |y REVA 
999 |c 26351  |d 26351 
040 |a UAHC_CL  |c UAHC_CL  |d UAHC_CL 
100 1 |a Zizzias, Elia Ana B de 
245 1 0 |a Violencia escolar :  |b nuevos escenarios de conflictos /  |c Elia Ana B. De Zizzias, Eliana Z. de Rosso. 
500 |a Boletín de Investigación Educacional (Santiago) 2004. vol.19, (2) p. 51-64 
520 |a Los escenarios de violencia se han instalado en nuestros paisajes cotidianos. Este artículo pretende ser una reflexión comprometida acerca del significado contextual de la violencia, particularmente de la violencia escolar.\\Analizamos este complejo fenómeno sociocultural a partir de cuatro variables: estructural, contra la escuela, en la escuela y violencia institucional. Finalmente, proponemos algunas vías de transformación en el marco de una educación para la paz. 
700 1 |a Rosso, Eliana Z. de 
773 0 |t Boletín de Investigación Educacional.  |w 025995 
900 |a BOL. INVEST. EDUC.-19/04 
942 |c REVA  |2 ddc